| Tag |
First Indicator |
Second Indicator |
Subfields |
| LEADER |
00000cam a2200000 a 4500 |
| 001 |
in00000008098 |
| 005 |
20151002070136.0 |
| 008 |
870219s1986 fr r 00100 fre d |
| 035 |
|
|
|a (OCoLC)15212445
|
| 035 |
|
|
|9 AAA0453AM
|
| 040 |
|
|
|a ESU
|c ESU
|d PIT
|d m/c
|d TXA
|d UtOrBLW
|
| 041 |
0 |
|
|a fre
|a eng
|
| 043 |
|
|
|a f------
|
| 050 |
|
4 |
|a HD77.5.A34
|b R4 1986
|
| 245 |
0 |
0 |
|a Répertoire, projets de recherche en matière de développement en Afrique =
|b Register, development research projects in Africa.
|
| 246 |
3 |
1 |
|a Register, development research projects in Africa.
|
| 264 |
|
1 |
|a Paris :
|b Organisation for Economic Co-operation and Development,
|c [1986]
|
| 264 |
|
4 |
|c ©1986
|
| 300 |
|
|
|a xxiv, 523 pages ;
|c 27 cm.
|
| 336 |
|
|
|a text
|b txt
|2 rdacontent
|
| 337 |
|
|
|a unmediated
|b n
|2 rdamedia
|
| 338 |
|
|
|a volume
|b nc
|2 rdacarrier
|
| 500 |
|
|
|a French and English.
|
| 500 |
|
|
|a Includes indexes.
|
| 650 |
|
0 |
|a Economic development
|x Research
|z Africa
|x Directories.
|
| 650 |
|
0 |
|a Social sciences
|x Research
|z Africa
|x Directories.
|
| 710 |
2 |
|
|a Organisation for Economic Co-operation and Development.
|
| 740 |
0 |
|
|a Register, development research projects in Africa.
|
| 999 |
|
|
|a MARS
|
| 999 |
f |
f |
|s a485bc2f-3510-3100-a6fd-bad25ab1573b
|i 0bf3d5b0-f758-3c16-804c-0651a33567df
|t 0
|
| 952 |
f |
f |
|p ric
|a Texas A&M University
|b Rellis Campus
|c Joint Library Facility
|d Remote Storage
|t 0
|e HD77.5.A34 R4 1986
|h Library of Congress classification
|i unmediated -- volume
|m A14810951098
|
| 998 |
f |
f |
|a HD77.5.A34 R4 1986
|t 0
|l Remote Storage
|